| 000 | 00671nam a22002177a 4500 | ||
|---|---|---|---|
| 999 |
_c2400 _d2400 |
||
| 003 | AR-CdUCM | ||
| 008 | 190304b ||||| |||| 00| 0 spa d | ||
| 040 |
_aMUNICIPALIDAD PROVINCIAL DEL CUSCO _cBIBLIOTECA MUNICIPAL DEL CUSCO |
||
| 082 |
_a869.4018 / _bM77 |
||
| 100 |
_aMonje Landivar, Mary Luz _98622 |
||
| 245 | _aAbalorios / | ||
| 260 |
_aBolivia : _bEditorial Universitaria, _c1970. |
||
| 300 |
_a93 Páginas ; _c20 cm. |
||
| 505 | _aContenido: Poesía | ||
| 650 |
_aPoesía Boliviana _92577 |
||
| 650 |
_aUniversidad de Oruro _98623 |
||
| 650 |
_aPoesía Universitaria _98624 |
||
| 650 |
_aAntología a la poesía _98625 |
||
| 942 |
_2ddc _cLIBROS |
||
| 945 | _adavv | ||